| 000 | 00367nam a22001577a 4500 | ||
|---|---|---|---|
| 003 | CEME | ||
| 005 | 20210628205830.0 | ||
| 008 | 210317b xxu||||| |||| 00| 0 eng d | ||
| 040 | _c. | ||
| 082 | _a500 TAM | ||
| 100 |
_aTambini, Michael _977185 |
||
| 245 | _aEyewitness book future | ||
| 260 |
_aNEW YORK _bALFRED A KNOF _c1998 |
||
| 300 | _a59P | ||
| 942 |
_cBK _2ddc |
||
| 999 |
_c582499 _d582499 |
||